| 000 | 00444nam a22001577a 4500 | ||
|---|---|---|---|
| 003 | URS | ||
| 005 | 20220114171639.0 | ||
| 008 | 170327b xxu||||| |||| 00| 0 eng d | ||
| 020 | _a0028023005 | ||
| 050 |
_aHF5548.115 _bP48 |
||
| 100 |
_aPeters, Cortez _4author |
||
| 245 |
_aCortez Peters championship formatting _cCortez Peters |
||
| 260 |
_aNew York : _bMcmillan / McGraw-Hill, _c1993 |
||
| 300 |
_aix, 116 pages; _c22 x 28 |
||
| 942 |
_cFR _2lcc |
||
| 999 |
_c14391 _d14391 |
||